000 01011pam a2200289 a 4500
001 4923234
005 20250123090720.0
008 950203s1996 mdua b 001 0 eng c
020 _a9780683092707
050 0 0 _aRA427.8
_b.H4923 1996
082 0 0 _a613
_220
245 0 0 _aHealth promotion and disease prevention in clinical practice /
_ceditors, Steven H. Woolf, Steven Jonas, Robert S. Lawrence.
260 _aBaltimore :
_bLippincott Williams & Wilkins,
_cc1996.
300 _axliv, 618 p. :
_bill. (some col.) ;
_c23 cm.
650 0 _aHealth promotion.
650 0 _aMedicine, Preventive.
650 0 _aClinical health psychology.
650 0 _aHealth promotion
_zUnited States.
650 0 _aMedicine, Preventive
_zUnited States.
650 1 2 _aHealth Promotion
_zUnited States.
650 1 2 _aPreventive Medicine.
650 2 2 _aPreventive Health Services
_zUnited States.
700 1 _aWoolf, Steven H.
700 1 _aJonas, Steven.
700 1 _aLawrence, Robert S.,
_d1938-
942 _2lcc
_cBK
_n0
999 _c2879
_d2879